|
|
|
|
| LEADER |
00000nam a2200000 a 4500 |
| 001 |
vtls001416851 |
| 003 |
SK-MaSNL |
| 005 |
20260301202344.0 |
| 008 |
240226q1819 xo lat |
| 035 |
|
|
|a SNK000371623
|
| 035 |
|
|
|a 74A691B7-0932-457A-9526-1D6AFBE526E6
|
| 035 |
|
|
|a urn:nbn:sk:snk-am00iber
|
| 040 |
|
|
|a SNKHFA
|b slo
|c SNKHFA
|e AACR2
|
| 041 |
0 |
|
|a lat
|
| 044 |
|
|
|a xo
|c SK
|
| 072 |
|
7 |
|a 808
|x Literárny štýl. Literárna činnosť a technika. Efektívne využívanie jazyka. Spisovateľská činnosť
|2 konspekt
|
| 080 |
|
|
|a 808.5-051
|2 2011
|
| 100 |
1 |
|
|a Víšný, Jan
|4 aut
|9 382414
|
| 245 |
1 |
|
|a Monumentum Festivis Honoribus, Illustrissimi, Ac Reverendissimi Domini, Domini Antonii Makay: De Eadem, et Gelej, S. C. et R. A. Majestatis Consiliari Aulici, Et Gratia Divina Almae Dioecesis Neosoliensis Episcopi Occasione Celebratorum Sacrorum Inaugurationis, Et In Cathedram Episcopalem Introductionis Suae Solennium, Anno Qvo: Caesare FranCIsCO, DatIos aDeVnte SeCVnDo, ThVra LoCant festIs, Fana saCrata foCIs
|c A Joanne Wissnyei J. R. C. Neosoliensis Camerae Montanae Procvratore, Eivsdem Dominiorvm Ord: Fiscale, Et Assessore, Erectvm.
|
| 260 |
|
|
|a Neosolii
|b Typis Joannis Stephani
|c 1819
|
| 300 |
|
|
|a 8 s.
|c 21 cm
|
| 500 |
|
|
|a Rok tlače uvedený formou chronogramu
|
| 501 |
|
|
|a Príväzok 21. k: ORATIONES Dictae Occasione Illa, Serenissimum Ac Reverendissimum Principem Haereditarium Regium... Posonii: Typis Michaelis Landerer de Füskút, 1808.
|5 SNK SC 10854
|
| 504 |
|
|
|a Poznámky pod textom
|
| 650 |
0 |
7 |
|a poézia
|2 SNKPH
|9 1274
|
| 655 |
|
7 |
|a príležitostné tlače
|2 SNKPH
|9 281484
|
| 700 |
1 |
|
|a Štefáni, Ján,
|d asi 1770-1822
|4 prt
|9 205373
|
| 752 |
|
|
|a Slovensko
|d Banská Bystrica
|
| 852 |
|
|
|a Slovenská národná knižnica
|b Historické fondy
|
| 852 |
|
|
|a snk
|p SC 10854/prív.20
|
| 958 |
|
|
|a ONDV
|
| 958 |
|
|
|a DF
|
| 999 |
|
|
|c 898532
|d 900462
|
| 952 |
|
|
|a SNK
|b SNK
|y PREZ
|7 0
|p 17A1397085
|o snkSC 10854/prív.21
|i snkKSK 1676/57
|8 3
|0 0
|1 0
|4 0
|d 2001-07-13
|f 1
|l 0
|r 2025-07-11 00:00:00
|w 2026-02-24
|